| 000 | 00568cam a2200181 4500 | ||
|---|---|---|---|
| 005 | 20260216113844.0 | ||
| 008 | 260216b ag |||||||| |||| 00| 0 spa d | ||
| 020 | _a9505080816 | ||
| 050 | 0 | 4 |
_aKHA4613 _bT37 1983 |
| 100 | 1 | _aTarantino, Jacinto R. | |
| 245 | 1 | 4 |
_aLas penalidades tributarias _c / Jacinto R. Tarantino |
| 250 | _a1a ed. | ||
| 260 |
_aBuenos Aires : _bAstrea de Alfredo y Ricardo Depalma, _c1983 |
||
| 300 |
_axvi, 312 p. ; _c23 cm. |
||
| 650 | 7 |
_2lemb _aEvasión fiscal _xArgentina |
|
| 650 | 4 |
_aSanciones fiscales _zArgentina |
|
| 942 |
_2lcc _cLIB |
||
| 999 |
_c137499 _d137497 |
||